| 000 | 00916nam a2200229Ii 4500 | ||
|---|---|---|---|
| 003 | JO-AjNU | ||
| 008 | 230605s9999||||xx |||||||||||||| ||und|| | ||
| 017 | _a40912 | ||
| 020 | _a978-9957-07-979-6 | ||
| 040 |
_aJO-AjNU _bara _erda _cJO-AjNU |
||
| 041 | _aara | ||
| 050 | 1 | 4 | _aBF441.2013 |
| 100 | 3 |
_aهاشم، احمد اسماعيل/ترجمة، Ormrod,Jeanne Ellis, _eauthor _943051 |
|
| 245 | 0 | 0 | _aعقولنا وذاكراتنا :تقوية التفكير والتعلم في كل الأعمار= Our Minds and Memories: Enhancing Thinking and Learning at All Ages |
| 250 | _aط1 | ||
| 264 | 3 | 1 | _aعمان:دار الفكر ناشرون وموزعون ،2013 |
| 300 | _a304ص | ||
| 336 |
_atext _btxt _2rdacontent |
||
| 337 |
_aunmediated _bn _2rdamedia |
||
| 338 |
_avolume _bnc _2rdacarrier |
||
| 650 | 4 |
_aالتفكير-علم النفس التربوي-التعلم-العقل-علم النفس _943052 |
|
| 999 |
_aA18480 _c22048 _d22048 |
||